000 01168nam a2200265Ia 4500
003 GCL
008 140319s9999 xx 000 0 ara d
020 _a2087829953
040 _aGCL /
_cGCL
082 0 4 _a953.04
_bع ع
100 1 _aعبدالعزيز الدوري
245 1 0 _aالعصر العباسى الاول :
_bدراسة فى التاريخ السياسى والادارى والمالى /
_cعبدالعزيز الدوري
250 _aالاولى
260 _aبيروت :
_bمركز دراسات الوحدة العربية ،
_c2006
300 _a304 ص ؛
_c24 سم
490 _aالاعمال الكاملة للدكتور عبد العزيز الدوري
_v3
650 0 4 _aالدولة العباسية
650 0 4 _aالدولة العباسية - علاقات خارجية
650 0 4 _aالدولة العباسية - احوال سياسية
650 0 4 _aالدولة العباسية - تاسيس
650 0 4 _aالدولة العباسية - عصر الازدهار
650 0 4 _aالدولة العباسية - نظام الضرائب
650 0 4 _aالدولة العباسية - ولاية العهد
942 _2ddc
_cBK
999 _c8921
_d8921